000 00457pab a2200169 454500
008 180718b2004 xxu||||| |||| 00| 0 eng d
100 _aClapp, Jennifer
245 _aWTO agricultural trade battles and food aid
260 _c2004
300 _ap.1439-452.
650 _aEuropean union
650 _aAgricultural policy - United States
650 _aAgricultural products
650 _aAgriculture
773 _aThird World Quarterly
909 _a63637
999 _c63637
_d63637